000 01119nam a22003737a 4500
001 BR2011000850
003 BR-BrBNA
005 20230928103611.0
007 ta
008 230509b bl.||||| |||| 00| 0 por d
040 _aBR-BrBNA
_bpor
_cBiblioteca Nacional de Agricultura
041 _a(Por)
072 _aE16
_b0120
_b0180
090 _ 0120 BR2011000850
110 1 _aFundação MS para Pesquisa e Difusão de Tecnologias Agropecuárias, Maracaju, MS (Brasil)
_94993
245 1 _aTecnologia e produção milho safrinha e culturas de inverno 2010
260 3 _aMaracaju, MS (Brasil):
_c2010.
300 _a148 p.
500 _aSeveral bibliographies.; 46 illus.; 55 tables
650 _aMILHO
650 _aTRIGO
650 _aPRODUÇÃO VEGETAL
650 _aPRECIPITAÇÃO PLUVIAL
650 _aFERTILIDADE DO SOLO
650 _aNUTRIÇÃO VEGETAL
650 _aSAFRINHA
650 _aPASTAGEM
650 _aCUSTO DE PRODUÇÃO
650 _aHÍBRIDO
650 _aCARACTERÍSTICAS AGRONÔMICAS
650 _aPRAGA DE PLANTA
909 _a202309
_bLucia
_c55
_dLucia Elande
942 _cBK
999 _c75768
_d75768